<?xml version="1.0" encoding="UTF-8"?>
<record
    xmlns:xsi="http://www.w3.org/2001/XMLSchema-instance"
    xsi:schemaLocation="http://www.loc.gov/MARC21/slim http://www.loc.gov/standards/marcxml/schema/MARC21slim.xsd"
    xmlns="http://www.loc.gov/MARC21/slim">

  <leader>03321njm a2200493Ia 4500</leader>
  <controlfield tag="001">54049</controlfield>
  <controlfield tag="003">IT-RoPAU</controlfield>
  <controlfield tag="005">20220918181144.0</controlfield>
  <controlfield tag="008">131025s9999    xx            000 0 und d</controlfield>
  <datafield tag="040" ind1=" " ind2=" ">
    <subfield code="a">IT-RoPAU</subfield>
  </datafield>
  <datafield tag="040" ind1=" " ind2=" ">
    <subfield code="c">IT-RoPAU</subfield>
  </datafield>
  <datafield tag="041" ind1=" " ind2=" ">
    <subfield code="a">INGLESE</subfield>
  </datafield>
  <datafield tag="999" ind1=" " ind2=" ">
    <subfield code="c">101485</subfield>
    <subfield code="d">101485</subfield>
  </datafield>
  <datafield tag="999" ind1=" " ind2=" ">
    <subfield code="b">n.d.</subfield>
  </datafield>
  <datafield tag="100" ind1=" " ind2=" ">
    <subfield code="a">AA.VV.</subfield>
    <subfield code="9">794</subfield>
  </datafield>
  <datafield tag="100" ind1=" " ind2=" ">
    <subfield code="e">Autore musica</subfield>
    <subfield code="9">22625</subfield>
  </datafield>
  <datafield tag="100" ind1=" " ind2=" ">
    <subfield code="g">Codice autore musica SPICS: 12000</subfield>
    <subfield code="9">796</subfield>
  </datafield>
  <datafield tag="245" ind1=" " ind2=" ">
    <subfield code="a">Top Gun</subfield>
  </datafield>
  <datafield tag="250" ind1=" " ind2=" ">
    <subfield code="a">1a ed.</subfield>
  </datafield>
  <datafield tag="260" ind1=" " ind2=" ">
    <subfield code="a">HOLLAND</subfield>
  </datafield>
  <datafield tag="260" ind1=" " ind2=" ">
    <subfield code="b">CBS</subfield>
    <subfield code="c">1986 [1a Ed.:1986 - Ed. Lingua Orig.: 1986]</subfield>
  </datafield>
  <datafield tag="300" ind1=" " ind2=" ">
    <subfield code="a">DISCO</subfield>
  </datafield>
  <datafield tag="300" ind1=" " ind2=" ">
    <subfield code="c">403 minuti (Testo:  pag.)</subfield>
  </datafield>
  <datafield tag="500" ind1=" " ind2=" ">
    <subfield code="a">Original Motion Picture Sountrack Album Executiv. Producers:  Don Simplson, Jerry Bruckheimer. Colonna sonora originale del film omonimo registrata su disco Cbs70296 Cb 311 stampato in Olanda. Il film &#xE8; della Paramount Picture</subfield>
  </datafield>
  <datafield tag="505" ind1=" " ind2=" ">
    <subfield code="a">Heaven In Your Eyes [(Loverboy) (4:00)] - Mighty Wings [(Trick Cheap) (4:00)] - Take Me Breath Away [(Love Theme From "Top Gun") (Berlin Isaiah) (5:00)] - Top Gun Anthem [(Faltermeyer Harold) (5:00)] - Hot Summer Nights [(Miami Sound Machine) (4:00)] - Playing With the Boys [(Loggins Kenny) (4:00)] - Lead Me On [(Marie Teena) (4:00)] - Destination Unknown [(Marietta) (4:00)] - Through the Fire [(Greene Larry) (4:00)] - Danger Zone [(Loggins Kenny) (4:00)]</subfield>
  </datafield>
  <datafield tag="650" ind1=" " ind2=" ">
    <subfield code="a">COLONNE SONORE [DISCHI]</subfield>
    <subfield code="e">Codice MATERIA SPICS: 9950</subfield>
    <subfield code="9">1905</subfield>
  </datafield>
  <datafield tag="700" ind1=" " ind2=" ">
    <subfield code="a">Moore Mae</subfield>
    <subfield code="d">Codice autore musica SPICS: 19930</subfield>
    <subfield code="e">Autore musica</subfield>
    <subfield code="p">Heaven In Your Eyes</subfield>
    <subfield code="9">22626</subfield>
  </datafield>
  <datafield tag="700" ind1=" " ind2=" ">
    <subfield code="a">Reno Mike</subfield>
    <subfield code="d">Codice autore SPICS: 19932</subfield>
    <subfield code="e">Autore</subfield>
    <subfield code="p">Heaven In Your Eyes</subfield>
    <subfield code="9">22627</subfield>
  </datafield>
  <datafield tag="700" ind1=" " ind2=" ">
    <subfield code="a">Dean Paul</subfield>
    <subfield code="d">Codice autore testo/musica SPICS: 19931</subfield>
    <subfield code="e">Autore testo/musica</subfield>
    <subfield code="p">Heaven In Your Eyes</subfield>
    <subfield code="9">22628</subfield>
  </datafield>
  <datafield tag="700" ind1=" " ind2=" ">
    <subfield code="a">Spiro Mark</subfield>
    <subfield code="d">Codice autore musica SPICS: 19935</subfield>
    <subfield code="e">Autore musica</subfield>
    <subfield code="p">Mighty Wings</subfield>
    <subfield code="9">22629</subfield>
  </datafield>
  <datafield tag="700" ind1=" " ind2=" ">
    <subfield code="a">Faltermeyer Harold</subfield>
    <subfield code="d">Codice autore testo/musica SPICS: 19934</subfield>
    <subfield code="e">Autore testo/musica</subfield>
    <subfield code="p">Mighty Wings - Top Gun Anthem</subfield>
    <subfield code="9">22630</subfield>
  </datafield>
  <datafield tag="700" ind1=" " ind2=" ">
    <subfield code="a">Moroder Giorgio</subfield>
    <subfield code="d">Codice autore musica SPICS: 1239</subfield>
    <subfield code="e">Autore musica</subfield>
    <subfield code="p">Take Me Breath Away - Lead Me On - Through the Fire - Danger Zone</subfield>
    <subfield code="9">22631</subfield>
  </datafield>
  <datafield tag="700" ind1=" " ind2=" ">
    <subfield code="a">Whitlock Tom</subfield>
    <subfield code="d">Codice autore testo/musica SPICS: 18913</subfield>
    <subfield code="e">Autore testo/musica</subfield>
    <subfield code="p">Take Me Breath Away - Through the Fire - Danger Zone</subfield>
    <subfield code="9">22632</subfield>
  </datafield>
  <datafield tag="700" ind1=" " ind2=" ">
    <subfield code="a">Freeland Roy</subfield>
    <subfield code="d">Codice autore musica SPICS: 19938</subfield>
    <subfield code="e">Autore musica</subfield>
    <subfield code="p">Hot Summer Nights</subfield>
    <subfield code="9">22633</subfield>
  </datafield>
  <datafield tag="700" ind1=" " ind2=" ">
    <subfield code="a">Scott Alan Roy</subfield>
    <subfield code="d">Codice autore SPICS: 19937</subfield>
    <subfield code="e">Autore</subfield>
    <subfield code="p">Hot Summer Nights</subfield>
    <subfield code="9">22634</subfield>
  </datafield>
  <datafield tag="700" ind1=" " ind2=" ">
    <subfield code="a">Jay Michael</subfield>
    <subfield code="d">Codice autore testo/musica SPICS: 19936</subfield>
    <subfield code="e">Autore testo/musica</subfield>
    <subfield code="p">Hot Summer Nights</subfield>
    <subfield code="9">22635</subfield>
  </datafield>
  <datafield tag="700" ind1=" " ind2=" ">
    <subfield code="a">Wolf Ina</subfield>
    <subfield code="d">Codice autore musica SPICS: 19940</subfield>
    <subfield code="e">Autore musica</subfield>
    <subfield code="p">Playing With the Boys</subfield>
    <subfield code="9">22636</subfield>
  </datafield>
  <datafield tag="700" ind1=" " ind2=" ">
    <subfield code="a">Wolf Peter</subfield>
    <subfield code="d">Codice autore SPICS: 19939</subfield>
    <subfield code="e">Autore</subfield>
    <subfield code="p">Playing With the Boys</subfield>
    <subfield code="9">22637</subfield>
  </datafield>
  <datafield tag="700" ind1=" " ind2=" ">
    <subfield code="a">Loggins Kenny</subfield>
    <subfield code="d">Codice autore testo/musica SPICS: 18912</subfield>
    <subfield code="e">Autore testo/musica</subfield>
    <subfield code="p">Playing With the Boys</subfield>
    <subfield code="9">22638</subfield>
  </datafield>
  <datafield tag="700" ind1=" " ind2=" ">
    <subfield code="a">Whitlock Bobby</subfield>
    <subfield code="d">Codice autore testo/musica SPICS: 18905</subfield>
    <subfield code="e">Autore testo/musica</subfield>
    <subfield code="p">Lead Me On</subfield>
    <subfield code="9">22639</subfield>
  </datafield>
  <datafield tag="700" ind1=" " ind2=" ">
    <subfield code="a">Hooker Jake</subfield>
    <subfield code="d">Codice autore musica SPICS: 19945</subfield>
    <subfield code="e">Autore musica</subfield>
    <subfield code="p">Destination Unknown</subfield>
    <subfield code="9">22640</subfield>
  </datafield>
  <datafield tag="700" ind1=" " ind2=" ">
    <subfield code="a">Fox Paul</subfield>
    <subfield code="d">Codice autore SPICS: 19944</subfield>
    <subfield code="e">Autore</subfield>
    <subfield code="p">Destination Unknown</subfield>
    <subfield code="9">22641</subfield>
  </datafield>
  <datafield tag="700" ind1=" " ind2=" ">
    <subfield code="a">Golde Franne</subfield>
    <subfield code="d">Codice autore testo/musica SPICS: 19943</subfield>
    <subfield code="e">Autore testo/musica</subfield>
    <subfield code="p">Destination Unknown</subfield>
    <subfield code="9">22642</subfield>
  </datafield>
  <datafield tag="942" ind1=" " ind2=" ">
    <subfield code="c">MD</subfield>
    <subfield code="2">ddc</subfield>
  </datafield>
  <datafield tag="952" ind1=" " ind2=" ">
    <subfield code="0">0</subfield>
    <subfield code="1">0</subfield>
    <subfield code="4">0</subfield>
    <subfield code="6">54049_000000000000000</subfield>
    <subfield code="7">1</subfield>
    <subfield code="a">SPICS</subfield>
    <subfield code="b">SPICS</subfield>
    <subfield code="d">2013-10-25</subfield>
    <subfield code="l">0</subfield>
    <subfield code="o">54049</subfield>
    <subfield code="r">2013-10-25 00:00:00</subfield>
    <subfield code="w">2013-10-25</subfield>
    <subfield code="y">MD</subfield>
    <subfield code="z">Progr. Ins.: 14835 / N.Vol.: n.d. / Copie: 1 - Copia rara: n.d. / date import: 01.01.2014 - By Epidotti, Trombetti, Vaglietti</subfield>
  </datafield>
</record>
